The inventive organization : hope and daring at work

Bibliographic Details
Main Author: Janov, Jill (Author)
Format: Book
Language:English
Published: San Francisco : Jossey-Bass Publishers 1994
Subjects:

MARC

LEADER 00000cam a2200000 7i4500
001 0000021233
005 20241106.0
008 240430 caua eng
020 |a 1555426271 
040 |a INS   |b eng   |e rda 
090 0 0 |a HD58.8   |b .J36 1994 
100 1 |a Janov, Jill ,   |e author 
245 1 4 |a The inventive organization :   |b hope and daring at work   |c Jill Janov 
264 1 |a San Francisco :   |b Jossey-Bass Publishers   |c 1994 
300 |a xxii, 395 pages :   |b illustrations ;   |c 24 cm. 
336 |a text  |2 rdacontent 
337 |a unmediated  |2 rdamedia 
338 |a volume  |2 rdacarrier 
504 |a Includes bibliographical references and index 
650 0 |a Organizational change 
650 0 |a Organizational effectiveness 
999 |a 0000019706   |b BOOK   |c Open Shelf   |e Default branch 
999 |a 0000019707   |b BOOK   |c Open Shelf   |e Default branch 
999 |a 0000019708   |b BOOK   |c Open Shelf   |e Default branch 
999 |a 0000019709   |b BOOK   |c Open Shelf   |e Default branch